Statistics for Stardew Valley - Produce by Picture #2

Click here to take the quiz!

General Stats

  • This quiz has been taken 193 times
  • The average score is 18 of 20

Answer Stats

Answer% Correct
Starfruit
100%
Sunflower
99%
Cauliflower
98%
Grape
98%
Peach
98%
Wine
98%
Milk
97%
Parsnip
96%
Wool
96%
Goat Cheese
93%
Salmonberry
90%
Beet
89%
Apricot
88%
Poppy
85%
Morel
84%
Truffle Oil
83%
Hot Pepper
80%
Caviar
78%
Dinosaur Mayonnaise
76%
Ostrich Egg
68%

Score Distribution

Percentile by Number Answered

Percent of People with Each Score

Your Score History

You have not taken this quiz